"Твои письма единственная для меня радость..." (Запись № 12306775)

Подробности
000 -МАРКЕР
контрольное поле 01863nam0a2200349 4500
001 - ИДЕНТИФИКАТОР ЗАПИСИ
контрольное поле RU\NLR\BIBL_A\022258423
005 - ИДЕНТИФИКАТОР ВЕРСИИ
контрольное поле 20260405151758.0
010 ## - МЕЖДУНАРОДНЫЙ СТАНДАРТНЫЙ НОМЕР КНИГИ (ISBN)
Номер (ISBN) 978-5-900351-14-8
035 ## - ДРУГИЕ СИСТЕМНЫЕ НОМЕРА
Идентификатор записи (NLR Aleph) 022258423
100 ## - ДАННЫЕ ОБЩЕЙ ОБРАБОТКИ
Данные общей обработки 20240621d2012 |||y0rusy50 ca
101 1# - ЯЗЫК РЕСУРСА
Язык текста, звукозаписи и т.д. русский
-- французский
Язык оригинала французский
102 ## - СТРАНА ПУБЛИКАЦИИ ИЛИ ПРОИЗВОДСТВА
Страна публикации российская федерация
105 ## - ПОЛЕ КОДИРОВАННЫХ ДАННЫХ: ТЕКСТОВЫЕ МАТЕРИАЛЫ, МОНОГРАФИЧЕСКИЕ
Кодированные данные о монографическом текстовом документе ach z 001ey
181 #0 - ПОЛЕ КОДИРОВАННЫХ ДАННЫХ: ВИД СОДЕРЖАНИЯ
Код вида содержания (ISBD) i
Код характеристики содержания (ISBD) axxe
182 #0 - ПОЛЕ КОДИРОВАННЫХ ДАННЫХ: ТИП СРЕДСТВА
Код типа средства (ISBD) n - непосредственное
200 1# - ЗАГЛАВИЕ И СВЕДЕНИЯ ОБ ОТВЕТСТВЕННОСТИ
Основное заглавие "Твои письма единственная для меня радость..."
Сведения, относящиеся к заглавию из личной переписки Татьяны Александровны Юсуповой
Первые сведения об ответственности под общей редакцией Н. В. Кукурузовой
Последующие сведения об ответственности автор проекта Н. В. Кукурузова
-- перевод [с французского]: А. А. Дакелин
203 ## - ВИД СОДЕРЖАНИЯ И ТИП СРЕДСТВА
Вид содержания Текст
Дополнительные сведения об издании визуальный
Тип средства непосредственный
210 ## - ПУБЛИКАЦИЯ, РАСПРОСТРАНЕНИЕ И ДР.
Место издания, распространения и т.д. Санкт-Петербург
Имя издателя, распространителя и т. д. [б. и.]
Дата издания, распространения и т.д. 2012
215 ## - ФИЗИЧЕСКАЯ ХАРАКТЕРИСТИКА
Специфическое обозначение материала и объем 190, [1] с., [8] л. ил., цв. ил.
Другие сведения о физической характеристике ил., цв. ил., факс.
Размеры 25
225 1# - СЕРИЯ
Основное заглавие серии Серия "Юсуповский архив"
300 ## - ОБЩИЕ ПРИМЕЧАНИЯ
Текст примечания Книга издана на средства Трофимова Владислава Германовича
300 ## - ОБЩИЕ ПРИМЕЧАНИЯ
Текст примечания Часть текста фр.
320 ## - ПРИМЕЧАНИЯ О НАЛИЧИИ В ДОКУМЕНТЕ БИБЛИОГРАФИИ / УКАЗАТЕЛЯ
Текст примечания Имен. указ.: с. 164-173
600 #1 - ИМЯ ЛИЦА КАК ПРЕДМЕТ
Начальный элемент ввода Юсупова
Часть имени, кроме начального элемента ввода Т. А.
Даты 1829 - 1879
Расширение инициалов личного имени Татьяна Александровна
Формальный подзаголовок Переписка
Системный номер авторитетной/нормативной записи 2593062
Идентификатор авторитетной/нормативной записи RU\NLR\AUTH\6601741961
686 1# - ИНДЕКСЫ ДРУГИХ КЛАССИФИКАЦИЙ
Индекс Т3(2)51-8
700 #1 - ИМЯ ЛИЦА - ПЕРВИЧНАЯ ОТВЕТСТВЕННОСТЬ
Начальный элемент ввода Юсупова
Часть имени, кроме начального элемента ввода Т. А.
Даты 1829-1879
Расширение инициалов личного имени Татьяна Александровна
702 #1 - ИМЯ ЛИЦА - ВТОРИЧНАЯ ОТВЕТСТВЕННОСТЬ
Код отношения Редактор
Материалы, к которым относится поле rus
Графика поля Кириллица
Начальный элемент ввода Кукурузова
Часть имени, кроме начального элемента ввода Н. В.
Даты 1947-
Расширение инициалов личного имени Нина Васильевна
Идентификатор авторитетной/нормативной записи RU\NLR\AUTH\7762921
Системный номер авторитетной/нормативной записи 45851
942 ## - ДОПОЛНИТЕЛЬНЫЕ ЭЛЕМЕНТЫ ЗАПИСИ (АБИС)
Тип экземпляра АБИС Книга
980 ## - КОЛЛЕКЦИЯ
Название коллекции Национальная библиография
Экземпляры
Тип экземпляра Дата поступления Источник поступления Стоимость Библиотека постоянного хранения Библиотека текущего хранения Место хранения Шифр хранения Штрих-код Статус не для выдачи
Книга 21.06.2024 Дар 750.00 РНБ (Московский) РНБ (Московский) Русский книжный фонд: издания с 1957 года, 8этаж, Хран. 2024-7/3187 1-4407484